|
|
|
|
| LEADER |
01167nam a2200253 a 4500 |
| 001 |
GR-Patra18709 |
| 008 |
050926s gr g b 000 0 eng d |
| 020 |
|
|
|a 0534516920
|
| 040 |
|
|
|a GrPaTEI
|b gre
|c GR-PaULI
|
| 040 |
|
|
|a GrPaTEI
|b gre
|c GR-PaULI
|
| 082 |
|
0 |
|a 658.4012
|2 21
|
| 100 |
1 |
|
|a Kirkwood, Craig W.
|
| 245 |
1 |
0 |
|a Strategic decision making :
|b multiobjective decision analysis with spreadsheets /
|c Craig W. Kirkwood.
|
| 260 |
|
|
|a Belmont :
|b Duxbury Press,
|c c1997
|
| 300 |
|
|
|a 345σ.
|
| 504 |
|
|
|a Περιλαμβάνει βιβλιογραφία.
|
| 650 |
|
0 |
|a Strategic planning
|x Data proccesing
|
| 650 |
|
0 |
|a Strategic planning
|x Decision making
|
| 710 |
0 |
|
|a Duxbury Press
|
| 942 |
|
|
|2 ddc
|
| 952 |
|
|
|0 0
|1 0
|2 ddc
|4 0
|6 658_401200000000000_KIR
|7 0
|9 298874
|a LISK
|b LISK
|c BSC
|d 2021-01-17
|e 24
|f 0
|g 0.00
|l 0
|o 658.4012 KIR
|p 92410027587
|r 2021-01-17 00:00:00
|t 1
|w 2021-01-17
|y BK15
|x 20050926 0 1
|x GrPaTEI
|
| 952 |
|
|
|0 0
|1 0
|2 ddc
|4 0
|6 658_401200000000000_KIR
|7 0
|9 298875
|a LISK
|b LISK
|c BSC
|d 2021-01-17
|e 24
|f 0
|g 0.00
|l 0
|o 658.4012 KIR
|p 92410027598
|r 2021-01-17 00:00:00
|t 1
|w 2021-01-17
|y BK15
|x 20050926 0 1
|x GrPaTEI
|
| 971 |
|
|
|a .b26662243
|b 15-04-20
|c 23-09-16
|
| 999 |
|
|
|c 173851
|d 173851
|